000 00466nam a2200169Ia 4500
005 20250508151639.0
008 008 250505s9999 xx 000 0 eng d
037 _aBooks to be hide in OPAC
040 _aFEDL
_beng
_cFEDL
041 _aeng
_2eng
084 _a370.954, BHA/O
_qFEDL
100 _aBhagwan Dayal
245 0 _aDevelopment of modren indian education
300 _a558p.
942 _cHB
_h370.954, BHA/O
999 _c1331130
_d1331130